000 00248nam a2200109 4500
999 _c8240
_d8240
003 OSt
005 20201007115951.0
008 201007b ||||| |||| 00| 0 eng d
082 _a635.933
245 _aGardening with conifers and heathers
942 _2ddc